00301nam a2200121Ia 4500008004100000100001600041245004100057260003400098300000900132650001400141942000700155999001700162190216s9999||||xx |||||||||||||| ||und|| aJacob Eppan 0aVilasindhandhavum Atinte Upoayogavum bKerala Bhasha Institutec1974 a612p aEconomics cBK c38120d38120